00442pam a2200181 a 4500001000800000005001700008008004100025010001700066020001500083040001800098041000800116080001200124082001600136100000700152101000800159245006300167504003000230420663220180221072713.0810929s1982 enka b 001 0 eng  a 81017003  a0521240689 aDLCcDLCdDLC aeng a302 MAR00a302 MAR2191 a50 aSOC10aSelfishness, altruism, and rationality :cHoward Margolis. aBibliography: p. 189-191.